| 000 | 00606nam a22002057a 4500 | ||
|---|---|---|---|
| 005 | 20221109132548.0 | ||
| 008 | 221109b ||||| |||| 00| 0 eng d | ||
| 040 | _cAL | ||
| 041 | _aEnglish | ||
| 082 |
_223 _a324.254 _bBOSW |
||
| 100 |
_aPradip Bose _961524 |
||
| 245 | _aWhy Not Form a Social Democratic Party Now | ||
| 260 |
_aMadras _bSamskriti Publications _c1991 |
||
| 300 |
_aiv,59 p. _bPB _c22x14 cm. |
||
| 650 |
_a Social Democratic Party _961525 |
||
| 650 |
_aDemocracy -- India _961526 |
||
| 650 |
_aPolitical Parties -- India _961527 |
||
| 700 |
_aBOSE (Pradip) _961528 |
||
| 942 |
_2ddc _cGF |
||
| 999 |
_c225092 _d225092 |
||